00000000nam 2200000zi 4500
0019.927867
003CaOODSP
00520241127082544
006m     o  d f      
007cr |n|||||||||
008230927e197010##oncab|| ob   f000 0|eng d
040 |aCaOODSP|beng|erda|cCaOODSP
043 |an-cn---
0861 |aCo22-585/1970E-PDF
0861 |aCo41-1/8CE-PDF
24500|aNorthern communications study.
264 1|a[Ottawa] : |b[Department of Communications], |cOctober 1970.
300 |a1 online resource (7 volumes) : |billustrations, maps.
336 |atext|btxt|2rdacontent
337 |acomputer|bc|2rdamedia
338 |aonline resource|bcr|2rdacarrier
4901 |aTelecommission study ; |v8 (c)
500 |aDigitized edition from print [produced by Innovation, Science and Economic Development Canada].
500 |a"Volumes 2 to 7 are working documents for the Telecommission Study and are not intended to be published" -- Volume 7.
500 |aVolume 1 is available in a different record.
504 |aIncludes bibliographical references.
5050 |a[Volume 1. Synopsis.] -- volume 2. Prospects for northern development. -- volume 3. Northern communications requirements. -- volume 4. General information and broadcasting services for the North. -- volume 5. Terrestrial systems. -- volume 6. Communication satellite systems. -- volume 7. Northern communications co-ordination and planning.
650 0|aTelecommunication|zCanada, Northern.
650 0|aArtificial satellites in telecommunication|zCanada, Northern.
650 0|aTelecommunication policy|zCanada, Northern.
650 0|aBroadcasting|zCanada, Northern.
650 6|aTélécommunications|zCanada (Nord)
650 6|aSatellites artificiels dans les télécommunications|zCanada (Nord)
650 6|aTélécommunications|xPolitique gouvernementale|zCanada (Nord)
650 6|aRadiodiffusion|yCanada (Nord)
7101 |aCanada. |bDepartment of Communications, |eissuing body.
830#0|aTelecommission study ;|v8 (c). |w(CaOODSP)9.927947
85640|qPDF|s1234 KB|uhttps://publications.gc.ca/collections/collection_2024/isde-ised/Co22-585-1970-2-eng.pdf|zVolume 2. Prospects for northern development
85640|qPDF|s4325 KB|uhttps://publications.gc.ca/collections/collection_2024/isde-ised/Co22-585-1970-3-eng.pdf|zVolume 3. Northern communications requirements
85640|qPDF|s1232 KB|uhttps://publications.gc.ca/collections/collection_2024/isde-ised/Co22-585-1970-4-eng.pdf|zVolume 4. General information and broadcasting services for the North
85640|qPDF|s3424 KB|uhttps://publications.gc.ca/collections/collection_2024/isde-ised/Co22-585-1970-5-eng.pdf|zVolume 5. Terrestrial systems
85640|qPDF|s5258 KB|uhttps://publications.gc.ca/collections/collection_2024/isde-ised/Co22-585-1970-6-eng.pdf|zVolume 6. Communication satellite systems
85640|qPDF|s1137 KB|uhttps://publications.gc.ca/collections/collection_2024/isde-ised/Co22-585-1970-7-eng.pdf|zVolume 7. Northern communications coordination and planning